By the Honourable Spencer Phips, Esq; ... A proclamation for proroguing the General Assembly : ... unto Wednesday the twenty-sixth day of September next ... Given at Cambridge, the thirteenth day of August, 1750 ...

Bibliographic Details
Corporate Author: Massachusetts. Lieutenant Governor (1732-1757 : Phips)
Other Authors: Phips, Spencer, 1685-1757
Format: eBook
Language:English
Series:Early American imprints. Evans (1639-1800) ; no. 40549.
Subjects:
Online Access:Evans Digital Edition

MARC

Tag First Indicator Second Indicator Subfields
LEADER 00000cam a22000001a 4500
001 in00002164792
006 m e d #
007 cr mn mmmmabba
008 820127s1750 maui s s000 0 eng d
005 20260331162928.8
035 |z w034607 
035 |a MAAR8201274402B 
035 |9 mwa91-26744 
035 |a 322857 
035 |a aas03034607 
040 |a MWA  |c MWA  |e bdrb  |d UtOrBLW 
110 1 |a Massachusetts.  |b Lieutenant Governor (1732-1757 : Phips) 
245 1 0 |a By the Honourable Spencer Phips, Esq; ... A proclamation for proroguing the General Assembly :  |b ... unto Wednesday the twenty-sixth day of September next ... Given at Cambridge, the thirteenth day of August, 1750 ... 
264 3 |a Boston :  |b Printed by John Draper, printer to his honour the lieutenant-governour and Council,  |c 1750. 
300 |a 1 sheet (1 unnumbered page) :  |b coat of arms. 
336 |a text  |b txt  |2 rdacontent 
337 |a computer  |b c  |2 rdamedia 
338 |a online resource  |b cr  |2 rdacarrier 
500 |a Signed: By order of his honour the lieutenant-governour, S. Phips. J. Willard, secr. 
510 4 |a Bristol  |c B1493 
510 4 |a Shipton & Mooney  |c 40549 
510 4 |a Ford, W.C. Broadsides,  |c 920 
530 |a Microform version available in the Readex Early American Imprints series. 
533 |a Electronic text and image data.  |b [Chester, Vt. :  |c Readex, a division of Newsbank, Inc.,  |d 2002-2004.  |e Includes files in TIFF, GIF and PDF formats with inclusion of keyword searchable text.  |f (Early American imprints. First series ; no. 40549). 
500 |a Electronic resource. 
610 1 0 |a Massachusetts.  |b General Court. 
655 7 |a Broadsides.  |2 rbgenr 
700 1 |a Phips, Spencer,  |d 1685-1757. 
752 |a United States  |b Massachusetts  |d Boston. 
830 0 |a Early American imprints.  |n Series I,  |p Evans (1639-1800) ;  |v no. 40549. 
856 4 1 |u http://proxy.library.tamu.edu/login?url=https://opac.newsbank.com/select/evans/40549  |y Evans Digital Edition  |t 0 
999 |a MARS 
999 f f |s 544f847a-103e-368a-8f56-35d873dd3678  |i bcbc41f3-8b55-3b28-a35b-69a50d77f22f  |t 0 
952 f f |a Texas A&M University  |b College Station  |c Electronic Resources  |s www_evans  |d Available Online  |t 0  |h No information provided 
998 f f |t 0  |l Available Online